000 00192nam a22000857a 4500
008 161205b xxu||||| |||| 00| 0 eng d
100 _91791
_aSha
245 _aHindi Story
260 _aNew Delhi
_c2001
999 _c4500
_d4500